000 01002 a2200253 4500
001 52915
005 20260407155803.0
008 260407a1969 arg spa d
003 AR-UNSa-BCEJYS
040 _aAR-UNSa-BCEJYS
_bspa
_cAR-UNSa-BCEJYS
080 _a314.12
_xTeorías sobre la población
245 1 0 _aSuperpoblación y producción
264 1 _aBuenos Aires :
_bCentro Editor de America Latina
_c1969
300 _a91 p.
_c18 cm.
505 _a1. Ensayo sobre el principio de la población(fragmentos)/Thomas R. Malthus - 2. El capital(fragmento)/Carlos Marx - 3. El hambre mundial y el neo-malthusianismo/Josue de Castro - 4. La doble crisis/Aldous Huxley - 5. Algunos asuntos astingentes a la teora marxista-leninista de la población/Y. N. Guzevaty
041 _aspa
942 _cBK
590 _aniveau_biblio:m niveau_hierar:0
100 1 _aMalthus, Thomas R.
700 1 _aMarx, Carlos
700 1 _aCastro, Josué de
700 1 _aHuxley, Aldous
700 1 _aGuzevaty, Y.N.
999 _c5030
_d5030